| 000 | 01773nam1a2200313 4500 | ||
|---|---|---|---|
| 001 | RU\NLR\BIBL_A\012424838 | ||
| 005 | 20241105002618.0 | ||
| 035 | _a(NLR Aleph) 012424838 | ||
| 090 |
_a11845101 _c11845101 |
||
| 100 | _a20201202g20209999u y0rusy50 ca | ||
| 101 | 0 | _arus | |
| 102 | _aRU | ||
| 105 | _a jg | ||
| 181 | 0 |
_ai _baxxe |
|
| 182 | 0 | _an | |
| 200 | 1 |
_aУсловные знаки на топографических картах тактических масштабов _eучебное пособие _e[для курсантов и слушателей военных учебных заведений] _fРусское географическое общество, Новосибирское региональное отделение _g[Новиков Игорь Станиславович, доктор геолого-минералогических наук] |
|
| 203 |
_aТекст _bвизуальный _cнепосредственный |
||
| 205 | _aИзд 2-е, испр. и доп. | ||
| 210 |
_aНовосибирск _cОфсет-ТМ _d2020 |
||
| 215 | _d24 | ||
| 608 |
_aТопографические карты _jУчебные издания _xУсловные знаки _91780025 _3RU\NLR\AUTH\661094595 |
||
| 686 | 1 | _aД176.2я7 | |
| 702 | 1 |
_4220 _7ca _8rus _aНовиков _bИ. С. _cд-р геол.-минерал. наук _gИгорь Станиславович _9224720 _3RU\NLR\AUTH\770224776 |
|
| 712 | 0 | 2 |
_4570 _aРусское географическое общество _bНовосибирское региональное отделение _cСанкт-Петербург _9727622 _3RU\NLR\AUTH\880532600 |
| 852 |
_aNLR _j2020-7/4972 |
||
| 942 | _cBOOK | ||